000 00626nam a22001577a 4500
999 _c509697
_d509697
082 _aAPPPA 2018-19\GUI
100 _aGuite, Kamkhenthang
_95831
245 _aNature of federal bargain in the evolution and working of Indian federalism
_cby Kamkhenthang Guite
260 _aNew Delhi
_bIndian Institute of Public Administration
_c2019
300 _a73p.
500 _aAPPPA Dissertation, 2018-19 (Guide: Dr. Nupur Tiwari)
650 _aFederal government -- India.
_96427
650 _aIntergovernmental fiscal relations -- India.
_96428
650 _aRevenue sharing -- India.
_96429
650 _aFiscal policy -- India.
_96430